[Event "4NCL/Div3/SCS vs. AMCAH"]
[Site "Daventry ENG"]
[Date "2010.03.28"]
[Round "8.3"]
[White "Clarke, Sean A"]
[Black "Andreev, Peter"]
[Result "1/2-1/2"]
[WhiteElo "1786"]
[BlackElo "1846"]
[PlyCount "115"]
[EventDate "2010.03.28"]
[SourceDate "2009.10.24"]

1. Nf3 Nf6 2. d4 g6 3. c4 Bg7 4. Nc3 d6 5. h3 O-O 6. Bg5 h6 7. Bf4 c5 8. d5 a6
9. e3 Qa5 10. Qa4 Qb6 11. Qa3 g5 12. Bh2 Bf5 13. Nd2 Nbd7 14. f3 e5 15. e4 Bg6
16. g4 Rab8 17. Rb1 Qd8 18. b3 b5 19. Qc1 b4 20. Na4 Nb6 21. Nxb6 Rxb6 22. Bd3
a5 23. Bc2 Nd7 24. Bg3 h5 25. Nf1 Ra6 26. Bf2 Nb6 27. Be3 f6 28. Ng3 h4 29. Ne2
a4 30. O-O axb3 31. axb3 Ra2 32. Rb2 Ra3 33. Qd2 Qd7 34. Nc1 Be8 35. Nd3 Qa7
36. Rfb1 Bd7 37. Qf2 Rb8 38. Kg2 Bc8 39. Nc1 Ba6 40. Bd3 Bc8 41. Ra2 Rxa2 42.
Qxa2 Qxa2+ 43. Nxa2 Nd7 44. Nc1 Ra8 45. Rb2 Kf8 46. Bb1 Ke7 47. Ra2 Rxa2+ 48.
Bxa2 Kd8 49. Nd3 Kc7 50. Kf2 Kb7 51. Bd2 Kb6 52. Be3 Ka5 53. Ke2 Ba6 54. Kd2
Bf8 55. Ke2 Kb6 56. Kf2 Be7 57. Bd2 Bf8 58. Be1 1/2-1/2

[Event "4NCL/Div3/SCS vs. AMCAH"]
[Site "Daventry ENG"]
[Date "2010.03.28"]
[Round "8.4"]
[White "Cresswell, Mike J"]
[Black "Lutton, J Arnold"]
[Result "1-0"]
[WhiteElo "1858"]
[BlackElo "1823"]
[PlyCount "63"]
[EventDate "2010.03.28"]
[SourceDate "2009.10.24"]

1. e4 e6 2. d4 d5 3. Nc3 Nf6 4. Bg5 Be7 5. e5 Nfd7 6. h4 c5 7. Bxe7 Kxe7 8. f4
a6 9. Qg4 cxd4 10. Qg5+ Ke8 11. Qxg7 Rf8 12. Nce2 Qa5+ 13. Kd1 Nc6 14. Nf3 Qb4
15. Rb1 Nc5 16. a3 Qa4 17. Nc1 Ne4 18. Nd3 Bd7 19. Ng5 Ke7 20. Nxe4 dxe4 21.
Qf6+ Ke8 22. Nc5 d3 23. Nxa4 dxc2+ 24. Kxc2 Nd4+ 25. Kc3 Nf5 26. Nb6 Rd8 27.
Rd1 Ne3 28. Qxd8+ Kxd8 29. Rxd7+ Ke8 30. Rxb7 f6 31. Rb8+ Ke7 32. Rxf8 1-0

[Event "4NCL/Div3/SCS vs. AMCAH"]
[Site "Daventry ENG"]
[Date "2010.03.28"]
[Round "8.5"]
[White "Bogoda, Nathasha O"]
[Black "Marley, Andrew"]
[Result "0-1"]
[WhiteElo "1658"]
[BlackElo "1928"]
[PlyCount "64"]
[EventDate "2010.03.28"]
[SourceDate "2009.10.24"]

1. d4 Nf6 2. c4 g6 3. Nc3 Bg7 4. Nf3 d6 5. e4 O-O 6. Be2 e5 7. O-O Nc6 8. d5
Ne7 9. Ne1 Nd7 10. Be3 f5 11. f3 f4 12. Bf2 g5 13. Nd3 Ng6 14. Rc1 Nf6 15. c5
Qe8 16. a4 a6 17. b4 Nh4 18. b5 Qh5 19. Bxh4 Qxh4 20. cxd6 cxd6 21. Nf2 Nh5 22.
Ng4 Ng3 23. Re1 h5 24. Nf2 Nxe2+ 25. Qxe2 g4 26. Nd3 Bf6 27. Rf1 Bd8 28. Kh1 g3
29. h3 Bxh3 30. gxh3 Qxh3+ 31. Kg1 Bb6+ 32. Nf2 Qh2# 0-1

[Event "4NCL/Div3/SCS vs. AMCAH"]
[Site "Daventry ENG"]
[Date "2010.03.28"]
[Round "8.6"]
[White "Malhotra, Tarun"]
[Black "Ballard, Edward"]
[Result "1-0"]
[WhiteElo "1801"]
[BlackElo "1226"]
[PlyCount "71"]
[EventDate "2010.03.28"]
[SourceDate "2009.10.24"]

1. e4 e5 2. Nf3 Nc6 3. Bb5 Nf6 4. Nc3 Bc5 5. d3 d6 6. h3 h6 7. Ne2 Be6 8. c3
Qd7 9. Ng3 a6 10. Ba4 O-O-O 11. a3 Qe7 12. O-O d5 13. Bxc6 bxc6 14. Qa4 Kb7 15.
Nxe5 Bd7 16. Nxd7 Rxd7 17. e5 Bxf2+ 18. Rxf2 Qxe5 19. Bf4 Qe6 20. Re2 Ne4 21.
dxe4 dxe4 22. Qxe4 Qb3 23. Qb4+ Qxb4 24. cxb4 Rhd8 25. Ne4 Rd4 26. Nc5+ Kb6 27.
Bg3 R4d5 28. a4 a5 29. Bf2 Rd1+ 30. Rxd1 Rxd1+ 31. Kh2 axb4 32. Re8 Rd2 33. Kg3
Rd5 34. h4 Ka5 35. Ra8+ Kb6 36. Ra6# 1-0

[Event "4NCL/Div3/CAMB2 vs. WWKS2"]
[Site "Wokefield Park ENG"]
[Date "2010.05.01"]
[Round "9.1"]
[White "Spencer, Carl J"]
[Black "Hunt, Malcolm A"]
[Result "1/2-1/2"]
[WhiteElo "2136"]
[BlackElo "2088"]
[PlyCount "119"]
[EventDate "2010.05.01"]
[SourceDate "2009.10.24"]

1. e4 e5 2. Nf3 Nc6 3. d4 exd4 4. Nxd4 Nf6 5. Nxc6 bxc6 6. e5 Qe7 7. Qe2 Nd5 8.
c4 Nb6 9. Nc3 a5 10. Bd2 g6 11. Ne4 Bg7 12. Nf6+ Bxf6 13. exf6 Qxe2+ 14. Bxe2
O-O 15. O-O Re8 16. Rfe1 d6 17. Bf3 Bd7 18. Rxe8+ Rxe8 19. Rc1 a4 20. g4 c5 21.
b3 axb3 22. axb3 Be6 23. g5 Rb8 24. Ra1 d5 25. Bf4 Rc8 26. Ra5 dxc4 27. bxc4
Nxc4 28. Rxc5 c6 29. Rxc6 Rxc6 30. Bxc6 Na5 31. Bb5 Nb7 32. h4 Nc5 33. Bd6 Nb3
34. Be5 Nc5 35. Kf1 Nd7 36. Bd6 h6 37. Ke2 hxg5 38. hxg5 Nf8 39. Ke3 Nd7 40.
Kd4 Nf8 41. Bxf8 Kxf8 42. Ke5 Ba2 43. Bc6 Bb3 44. Bd5 Bc2 45. f4 Bd3 46. Be4
Bc4 47. f5 gxf5 48. Bxf5 Bb3 49. Be4 Bc4 50. Bd5 Bd3 51. Kd4 Bc2 52. Be4 Bb3
53. Ke5 Bc4 54. g6 fxg6 55. Bxg6 Bf7 56. Bf5 Bb3 57. Be6 Bxe6 58. Kxe6 Ke8 59.
Kd6 Kf7 60. Ke5 1/2-1/2

[Event "4NCL/Div3/CAMB2 vs. WWKS2"]
[Site "Wokefield Park ENG"]
[Date "2010.05.01"]
[Round "9.2"]
[White "Page, Mark E"]
[Black "Churm, Rohan M"]
[Result "1-0"]
[WhiteElo "1996"]
[BlackElo "2167"]
[PlyCount "101"]
[EventDate "2010.05.01"]
[SourceDate "2009.10.24"]

1. e4 e6 2. d4 d5 3. Nc3 Nf6 4. Bg5 Be7 5. e5 Nfd7 6. Bxe7 Qxe7 7. f4 O-O 8.
Qd2 c5 9. Nf3 Nc6 10. dxc5 Nxc5 11. O-O-O f6 12. exf6 Qxf6 13. g3 a6 14. Bg2
Kh8 15. h4 b5 16. Qe3 Na4 17. Nxa4 bxa4 18. Ne5 Nxe5 19. fxe5 Qe7 20. Rhf1 Bd7
21. Rxf8+ Qxf8 22. Rf1 Qe8 23. Rf4 Bb5 24. g4 Qe7 25. g5 Qc7 26. Bh3 Qc6 27. h5
Rc8 28. Qf2 Kg8 29. h6 Bd3 30. hxg7 Qxc2+ 31. Qxc2 Rxc2+ 32. Kd1 Rxb2 33. Bxe6+
Kxg7 34. Bxd5 Bb5 35. e6 Re2 36. Re4 Rxe4 37. Bxe4 Bc4 38. e7 Kf7 39. Bxh7 Bxa2
40. Bg8+ Kxe7 41. Bxa2 Kf8 42. Ke2 Kg7 43. Kf3 Kg6 44. Kf4 a3 45. Bb1+ Kf7 46.
Kf5 Kg7 47. Ba2 a5 48. Bc4 a4 49. Ba2 Kh8 50. Kf6 Kh7 51. g6+ 1-0

[Event "4NCL/Div3/CAMB2 vs. WWKS2"]
[Site "Wokefield Park ENG"]
[Date "2010.05.01"]
[Round "9.3"]
[White "Quist, Sven Roy"]
[Black "Agnew, Alan"]
[Result "1-0"]
[WhiteElo "2143"]
[BlackElo "2010"]
[PlyCount "68"]
[EventDate "2010.05.01"]
[SourceDate "2009.10.24"]

1. c4 g6 2. Nc3 Bg7 3. d4 d6 4. e4 Nf6 5. h3 O-O 6. Bd3 c5 7. d5 e6 8. Nf3 exd5
9. cxd5 Re8 10. O-O Na6 11. Bg5 Nc7 12. a4 a6 13. Qc1 Rb8 14. a5 b5 15. axb6
Rxb6 16. Nd2 Nb5 17. Nc4 Rb8 18. Re1 Nd4 19. Qf4 Nh5 20. Qh4 Qc7 21. f3 h6 22.
Be3 Bf6 23. Qf2 Qd8 24. g3 Nxg3 25. Qxg3 Bh4 26. Qg2 Bxe1 27. Rxe1 Qh4 28. Bf2
Qh5 29. Bxd4 Bxh3 30. Qg3 cxd4 31. Nd1 Rb3 32. Nf2 Bd7 33. Nxd6 Reb8 34. Nc4
Bb5 1-0

[Event "4NCL/Div3/CAMB2 vs. WWKS2"]
[Site "Wokefield Park ENG"]
[Date "2010.05.01"]
[Round "9.4"]
[White "Fallowfield, Nicholas K"]
[Black "Lee, Richard WY"]
[Result "1/2-1/2"]
[WhiteElo "2018"]
[BlackElo "2058"]
[PlyCount "93"]
[EventDate "2010.05.01"]
[SourceDate "2009.10.24"]

1. Nf3 Nf6 2. c4 c5 3. d4 cxd4 4. Nxd4 d6 5. g3 e6 6. Bg2 a6 7. O-O Be7 8. Nc3
O-O 9. b3 Qc7 10. Bb2 Nc6 11. Rc1 Nxd4 12. Qxd4 Rb8 13. Rfd1 b6 14. e4 Bb7 15.
Na4 Bc6 16. e5 dxe5 17. Qxe5 Qb7 18. Bxc6 Qxc6 19. Nc3 Rfd8 20. Nd5 Qb7 21.
Nxe7+ Qxe7 22. Qg5 h6 23. Bxf6 Qxf6 24. Qxf6 gxf6 25. Kf1 Kf8 26. Ke2 Ke7 27.
Rxd8 Rxd8 28. c5 bxc5 29. Rxc5 f5 30. Rc7+ Kf6 31. Ra7 Rd6 32. Ra8 e5 33. Rb8
e4 34. Rc8 Ke5 35. Rc5+ Ke6 36. b4 Kf6 37. Ra5 Ke6 38. a4 Kf6 39. h4 Ke6 40. b5
axb5 41. axb5 Rd5 42. Ra6+ Ke5 43. Rxh6 Rxb5 44. Rh8 Rb2+ 45. Kf1 Kf6 46. Re8
Ra2 47. Kg2 1/2-1/2

[Event "4NCL/Div3/CAMB2 vs. WWKS2"]
[Site "Wokefield Park ENG"]
[Date "2010.05.01"]
[Round "9.5"]
[White "Tyomkin, Mikhail"]
[Black "Tapp, Matthew J"]
[Result "0-1"]
[WhiteElo "2111"]
[BlackElo "1962"]
[PlyCount "72"]
[EventDate "2010.05.01"]
[SourceDate "2009.10.24"]

1. Nf3 Nf6 2. c4 c5 3. g3 d5 4. cxd5 Nxd5 5. Nc3 Nc7 6. Bg2 Nc6 7. O-O e5 8. d3
Be7 9. a4 O-O 10. a5 Be6 11. Nd2 Qd7 12. Nc4 f6 13. Qa4 Rab8 14. Be3 Rfd8 15.
Rfc1 Nd5 16. Nxd5 Bxd5 17. Nd2 b6 18. axb6 axb6 19. Bxd5+ Qxd5 20. Qc4 Na5 21.
Qb5 Qd7 22. Qxd7 Rxd7 23. Rc3 Kf7 24. Nc4 Nc6 25. Ra6 Bd8 26. Bxc5 bxc5 27.
Rxc6 Be7 28. Kg2 Ra7 29. Ra3 Rab7 30. Kf3 Ke8 31. Ke4 Rd7 32. e3 Rbd8 33. Nb6
Rb7 34. h4 c4 35. g4 Bxa3 36. bxa3 cxd3 0-1

[Event "4NCL/Div3/CAMB2 vs. WWKS2"]
[Site "Wokefield Park ENG"]
[Date "2010.05.01"]
[Round "9.6"]
[White "Price, Andrew"]
[Black "Chan, Nevil"]
[Result "0-1"]
[WhiteElo "1930"]
[BlackElo "2098"]
[PlyCount "120"]
[EventDate "2010.05.01"]
[SourceDate "2009.10.24"]

1. e4 Nc6 2. Nc3 Nf6 3. d4 d5 4. e5 Nd7 5. Nxd5 Ndb8 6. c4 e6 7. Ne3 Qxd4 8.
Qxd4 Nxd4 9. Bd2 b6 10. Bc3 Ndc6 11. f4 Bb7 12. Nf3 Nd7 13. Nd2 Nc5 14. b3
O-O-O 15. Rc1 Nd3+ 16. Bxd3 Rxd3 17. Ke2 Rd7 18. Rhd1 Nb4 19. Ra1 Bc5 20. Ndf1
Rxd1 21. Kxd1 Nd3 22. g3 Bf3+ 23. Kc2 Be4 24. Nd2 Bg6 25. f5 exf5 26. Kxd3 f4+
27. Ke2 fxe3 28. Nf1 Rd8 29. g4 Bd3+ 30. Ke1 Bxf1 31. Kxf1 Bd4 32. Rc1 Bxc3 33.
Rxc3 Rd2 34. h3 Rxa2 35. Rxe3 Kd7 36. Rf3 Ke6 37. Rf5 Ra5 38. Kf2 Rxe5 39. Rf3
a5 40. Rd3 Ke7 41. Kf3 Re6 42. Kf4 f6 43. Kf3 Rc6 44. Re3+ Kd7 45. Rd3+ Rd6 46.
Re3 Kc6 47. Ke2 Rd7 48. Rf3 Kc5 49. Rc3 Kb4 50. Re3 a4 51. bxa4 Kxa4 52. Re4
Kb4 53. h4 Kc5 54. Ke3 b5 55. cxb5 Kxb5 56. g5 fxg5 57. hxg5 c5 58. g6 hxg6 59.
Rg4 Rd6 60. Rg5 Kb4 0-1

[Event "4NCL/Div3/RHYE vs. KJCAK"]
[Site "Wokefield Park ENG"]
[Date "2010.05.01"]
[Round "9.1"]
[White "Williams, Leighton"]
[Black "Jones, William EG"]
[Result "1-0"]
[WhiteElo "2400"]
[BlackElo "2097"]
[PlyCount "71"]
[EventDate "2010.05.01"]
[SourceDate "2009.10.24"]

1. d4 Nf6 2. c4 g6 3. Nc3 Bg7 4. e4 d6 5. Be2 O-O 6. Nf3 e5 7. d5 a5 8. Bg5 Na6
9. Nd2 Qe8 10. O-O Kh8 11. Be3 Bd7 12. Rb1 Ng8 13. f3 f5 14. Kh1 f4 15. Bg1 g5
16. b3 Qg6 17. a3 Nh6 18. b4 axb4 19. axb4 Bf6 20. c5 g4 21. c6 bxc6 22. dxc6
Bc8 23. fxg4 Nxg4 24. Nd5 Rg8 25. Bf3 Bh4 26. Qe2 Be6 27. h3 Nf6 28. Ne7 Qh6
29. Nxg8 Rxg8 30. Rfc1 Bg3 31. Nf1 Nb8 32. b5 d5 33. exd5 Bxh3 34. gxh3 Qxh3+
35. Nh2 e4 36. Bxe4 1-0

[Event "4NCL/Div3/RHYE vs. KJCAK"]
[Site "Wokefield Park ENG"]
[Date "2010.05.01"]
[Round "9.2"]
[White "Jones, Victor GL"]
[Black "Jones, Richard S"]
[Result "0-1"]
[WhiteElo "2073"]
[BlackElo "2332"]
[PlyCount "82"]
[EventDate "2010.05.01"]
[SourceDate "2009.10.24"]

1. e4 c5 2. Nf3 Nc6 3. d4 cxd4 4. Nxd4 e6 5. Nc3 Qc7 6. Be3 a6 7. Qd2 Nf6 8.
O-O-O Be7 9. f3 h5 10. Be2 b5 11. a3 Bb7 12. Nb3 Ne5 13. Bf4 Rc8 14. Kb1 d6 15.
Nd4 Nc4 16. Bxc4 bxc4 17. Nde2 Rd8 18. Qe3 Nd7 19. Rd2 Qb6 20. Qxb6 Nxb6 21.
Rhd1 Nc8 22. Be3 O-O 23. Rd4 Nb6 24. R4d2 Nc8 25. a4 Rd7 26. f4 Re8 27. f5 exf5
28. exf5 Bf6 29. Bf4 Bxg2 30. Ng3 Bf3 31. Rf1 Bg4 32. Nd5 Be5 33. f6 g6 34. Rg1
Kh7 35. h3 Bf3 36. Bxe5 dxe5 37. Rf2 Bxd5 38. Nxh5 gxh5 39. Rf5 Kh6 40. Rgg5
Bf3 41. h4 e4 0-1

[Event "4NCL/Div3/RHYE vs. KJCAK"]
[Site "Wokefield Park ENG"]
[Date "2010.05.01"]
[Round "9.3"]
[White "Kett, Timothy J"]
[Black "Bayliss, Lyall CP"]
[Result "1-0"]
[WhiteElo "2240"]
[BlackElo "1960"]
[PlyCount "71"]
[EventDate "2010.05.01"]
[SourceDate "2009.10.24"]

1. e4 e5 2. Nf3 Nc6 3. Bb5 a6 4. Ba4 Nf6 5. O-O Be7 6. Bxc6 dxc6 7. Qe1 Bc5 8.
d3 Qe7 9. Nbd2 Bg4 10. a3 Nd7 11. b4 Ba7 12. Bb2 O-O-O 13. Bc3 h5 14. a4 Rh6
15. Kh1 Rdh8 16. b5 cxb5 17. axb5 Qc5 18. Qe3 Bxf3 19. Nxf3 Qxc3 20. Qxa7 axb5
21. Ra3 Qxc2 22. Qa8+ Nb8 23. Nxe5 Ra6 24. Rxa6 bxa6 25. Qd5 Qe2 26. Rc1 Qxf2
27. Nxf7 Qf4 28. Nd6+ Kd8 29. Nf5+ Nd7 30. Ra1 c5 31. g3 Qe5 32. Qa8+ Nb8 33.
Rxa6 Re8 34. Nd6 Kd7 35. Qb7+ Ke6 36. Qf7# 1-0

[Event "4NCL/Div3/RHYE vs. KJCAK"]
[Site "Wokefield Park ENG"]
[Date "2010.05.01"]
[Round "9.4"]
[White "Lunn, Matthew"]
[Black "Spice, Alan P"]
[Result "0-1"]
[WhiteElo "1905"]
[BlackElo "2169"]
[PlyCount "72"]
[EventDate "2010.05.01"]
[SourceDate "2009.10.24"]

1. d4 d5 2. c4 dxc4 3. e4 e5 4. Nf3 exd4 5. Qxd4 Qxd4 6. Nxd4 a6 7. Bxc4 c5 8.
Ne2 Nc6 9. O-O b5 10. Bb3 c4 11. Bd1 Nf6 12. Nec3 Be6 13. Re1 O-O-O 14. Bf4 Bc5
15. e5 Ng4 16. Ne4 Bb4 17. Nec3 Rd4 18. Bxg4 Bxg4 19. Be3 Rd3 20. h3 Be6 21.
Nd2 Rhd8 22. Nf3 Rxc3 23. bxc3 Bxc3 24. Rac1 Bxe1 25. Rxe1 Rd5 26. Bf4 h6 27.
h4 b4 28. Rc1 c3 29. a3 a5 30. Kf1 Kb7 31. Ke2 Bg4 32. Ke3 Bxf3 33. Kxf3 Kb6
34. Ke4 Kc5 35. Be3+ Kc4 36. axb4 Rxe5+ 0-1

[Event "4NCL/Div3/RHYE vs. KJCAK"]
[Site "Wokefield Park ENG"]
[Date "2010.05.01"]
[Round "9.5"]
[White "Morris, Gareth L"]
[Black "Maguire, Robert"]
[Result "1-0"]
[WhiteElo "2147"]
[BlackElo "1825"]
[PlyCount "51"]
[EventDate "2010.05.01"]
[SourceDate "2009.10.24"]

1. Nc3 d5 2. e4 dxe4 3. Nxe4 e5 4. Bc4 Nc6 5. d3 Be7 6. Nf3 Nf6 7. Neg5 O-O 8.
Nxf7 Rxf7 9. Ng5 Nd5 10. Nxf7 Kxf7 11. Qf3+ Ke6 12. Be3 Qd6 13. a3 Bf6 14. Qh3+
Ke7 15. Qxh7 Nxe3 16. fxe3 Na5 17. O-O-O Nxc4 18. dxc4 Qc6 19. Qg8 b6 20. Rd8
Bb7 21. Rhd1 Rxd8 22. Rxd8 Bg5 23. Qf8+ Ke6 24. Re8+ Kd7 25. Qf7+ Kd6 26. Qe6+
1-0

[Event "4NCL/Div3/RHYE vs. KJCAK"]
[Site "Wokefield Park ENG"]
[Date "2010.05.01"]
[Round "9.6"]
[White "Gahir, Jasdeep"]
[Black "Brown, Tom"]
[Result "1/2-1/2"]
[WhiteElo "1765"]
[BlackElo "2055"]
[PlyCount "97"]
[EventDate "2010.05.01"]
[SourceDate "2009.10.24"]

1. e4 c6 2. d4 d5 3. Nc3 dxe4 4. Nxe4 Bf5 5. Ng3 Bg6 6. Nf3 Nd7 7. h4 h6 8. Bd3
Bxd3 9. Qxd3 e6 10. Bd2 Ngf6 11. O-O-O Bd6 12. Ne4 Nxe4 13. Qxe4 Qc7 14. Rhe1
O-O-O 15. c4 c5 16. Be3 Nf6 17. Qc2 Bf4 18. Bxf4 Qxf4+ 19. Qd2 Qc7 20. Qc2 cxd4
21. Rxd4 Rxd4 22. Nxd4 Qf4+ 23. Qd2 Qxh4 24. g3 Qg4 25. Re5 Nd7 26. Re3 Kb8 27.
b3 Nb6 28. Nb5 Nc8 29. Qa5 Qf5 30. Qc7+ Ka8 31. Re5 Qxf2 32. Rc5 Qe1+ 33. Kb2
Qd2+ 34. Ka3 Qc1+ 35. Ka4 Nb6+ 36. Kb4 Qd2+ 37. Ka3 Qc1+ 38. Kb4 Qd2+ 39. Ka3
Qd7 40. Qxd7 Nxd7 41. Rc7 Ne5 42. Nd6 Rf8 43. Kb4 g5 44. c5 f5 45. Rxb7 f4 46.
Kb5 f3 47. Ka6 f2 48. Rxa7+ Kb8 49. Rb7+ 1/2-1/2

[Event "4NCL/Div3/SBS vs. FCA2"]
[Site "Wokefield Park ENG"]
[Date "2010.05.01"]
[Round "9.1"]
[White "Purton, Ben J"]
[Black "Kendall, Paul SN"]
[Result "1-0"]
[WhiteElo "2150"]
[BlackElo "2085"]
[PlyCount "75"]
[EventDate "2010.05.01"]
[SourceDate "2009.10.24"]

1. e4 c5 2. Nf3 g6 3. c3 Bg7 4. d4 cxd4 5. cxd4 d5 6. exd5 Nf6 7. Nc3 Nxd5 8.
Qb3 Nb6 9. Bb5+ Bd7 10. Ne5 O-O 11. Nxd7 N8xd7 12. Be3 Nf6 13. O-O Nbd5 14. Bc4
Nb6 15. Be2 e6 16. Bf3 Qd7 17. a4 Rac8 18. Nb5 Nbd5 19. Nxa7 Ra8 20. Nb5 Rfc8
21. Nc3 Nxc3 22. bxc3 Nd5 23. c4 Nxe3 24. fxe3 Rc7 25. Ra2 Rac8 26. c5 Bh6 27.
h3 e5 28. Bg4 Bxe3+ 29. Qxe3 f5 30. Bd1 Qxd4 31. Qxd4 exd4 32. Rd2 Rd8 33. Rf4
Rxc5 34. Rfxd4 Rxd4 35. Rxd4 Kf7 36. Bf3 b5 37. a5 Rc1+ 38. Rd1 1-0

[Event "4NCL/Div3/SBS vs. FCA2"]
[Site "Wokefield Park ENG"]
[Date "2010.05.01"]
[Round "9.2"]
[White "Habershon, Paul F"]
[Black "Edgell, Ben P"]
[Result "1/2-1/2"]
[WhiteElo "2089"]
[BlackElo "2100"]
[PlyCount "66"]
[EventDate "2010.05.01"]
[SourceDate "2009.10.24"]

1. e4 e5 2. Nf3 Nc6 3. d4 exd4 4. Nxd4 Nf6 5. Nxc6 bxc6 6. e5 Qe7 7. Qe2 Nd5 8.
c4 Nb6 9. g3 a5 10. Bg2 Qe6 11. b3 a4 12. Bb2 Bb4+ 13. Nd2 O-O 14. O-O d5 15.
f4 Qf5 16. Nf3 dxc4 17. Nd4 Qd3 18. Qxd3 cxd3 19. Nxc6 Bc5+ 20. Bd4 Bxd4+ 21.
Nxd4 Ra6 22. Nc6 axb3 23. axb3 Rxa1 24. Rxa1 Be6 25. Rd1 Bxb3 26. Rxd3 Bc4 27.
Ra3 Kh8 28. Ra7 Rc8 29. Kf2 g6 30. Ke3 Be6 31. Ne7 Nc4+ 32. Kd4 Rd8+ 33. Kc5
Ne3 1/2-1/2

[Event "4NCL/Div3/SBS vs. FCA2"]
[Site "Wokefield Park ENG"]
[Date "2010.05.01"]
[Round "9.3"]
[White "Ackley, Peter JE"]
[Black "Fraser-Mitchell, Jeremy N"]
[Result "0-1"]
[WhiteElo "2092"]
[BlackElo "2002"]
[PlyCount "80"]
[EventDate "2010.05.01"]
[SourceDate "2009.10.24"]

1. d4 f5 2. h3 d5 3. g4 fxg4 4. hxg4 Bxg4 5. Qd3 Nf6 6. Bg5 Qd7 7. Bxf6 exf6 8.
Rxh7 Rxh7 9. Qxh7 Qf5 10. Qxf5 Bxf5 11. c3 Nd7 12. Bg2 c6 13. Nd2 Bd6 14. Ngf3
Kf7 15. O-O-O Rh8 16. Rh1 Rxh1+ 17. Bxh1 g5 18. c4 dxc4 19. Nxc4 Bf4+ 20. e3
Bc7 21. Nfd2 Bd3 22. Be4 Bxe4 23. Nxe4 Ke6 24. Kd2 b5 25. Na3 g4 26. Kd3 f5 27.
Nd2 Nf6 28. Nc2 a5 29. a3 Kd5 30. Ne1 Ne4 31. f3 Nxd2 32. Kxd2 Bg3 33. e4+ fxe4
34. fxg4 Kxd4 35. Nc2+ Ke5 36. Ke3 Bf4+ 37. Ke2 a4 38. Ne3 c5 39. Nd1 b4 40.
Kf2 Kd4 0-1

[Event "4NCL/Div3/SBS vs. FCA2"]
[Site "Wokefield Park ENG"]
[Date "2010.05.01"]
[Round "9.4"]
[White "Majer, Chris E"]
[Black "Makepeace, Philip J"]
[Result "0-1"]
[WhiteElo "2054"]
[BlackElo "2042"]
[PlyCount "118"]
[EventDate "2010.05.01"]
[SourceDate "2009.10.24"]

1. e4 c6 2. Nf3 d5 3. exd5 cxd5 4. Ne5 Nc6 5. d4 Qb6 6. c3 Nf6 7. Bd3 e6 8. O-O
Be7 9. Qe2 O-O 10. Nd2 Nd7 11. Nxd7 Bxd7 12. Nf3 Qd8 13. Bf4 Rc8 14. Ne5 Be8
15. Qh5 f5 16. Qe2 Bg5 17. Bxg5 Qxg5 18. Nf3 Qh6 19. Rfe1 Rf6 20. Qd2 Qxd2 21.
Nxd2 Bh5 22. Nb3 b6 23. a4 a5 24. f4 Kf7 25. Nd2 h6 26. Kf2 g5 27. g3 Rg6 28.
fxg5 hxg5 29. Ke3 Rf6 30. Rg1 e5 31. dxe5 Nxe5 32. Kd4 Nc6+ 33. Ke3 Re8+ 34.
Kf2 Ne5 35. Bb5 Ng4+ 36. Kg2 Rh8 37. h3 Ne3+ 38. Kf2 f4 39. Nf1 Nc2 40. Rc1
fxg3+ 41. Kxg3 Bg6 42. Nd2 Ne3 43. Rce1 Nf5+ 44. Kg2 Nd6 45. Bc6 Bf5 46. Bxd5+
Kg7 47. Re3 Rfh6 48. Kf2 Kf6 49. Reg3 Rxh3 50. Rxg5 Rd3 51. Nc4 Rxd5 52. Nxd6
Rxd6 53. Ke3 Re8+ 54. Kf3 Rd3+ 55. Kf2 Rd2+ 56. Kf3 Rxb2 57. Rg7 Rc8 58. Ke3
Rxc3+ 59. Kd4 Rd3+ 0-1

[Event "4NCL/Div3/SBS vs. FCA2"]
[Site "Wokefield Park ENG"]
[Date "2010.05.01"]
[Round "9.5"]
[White "Cairns, Stephen"]
[Black "Elwin, Adrian G"]
[Result "1-0"]
[WhiteElo "2098"]
[BlackElo "2013"]
[PlyCount "91"]
[EventDate "2010.05.01"]
[SourceDate "2009.10.24"]

1. d4 Nf6 2. c4 e6 3. Nc3 Bb4 4. Qc2 c5 5. a3 Bxc3+ 6. bxc3 d5 7. cxd5 exd5 8.
e3 O-O 9. Ne2 Re8 10. Ng3 Nc6 11. Be2 Bg4 12. f3 Bd7 13. O-O Rc8 14. Qb2 h5 15.
Bd3 g6 16. Qf2 Be6 17. Bb2 c4 18. Bc2 b5 19. e4 a5 20. e5 Nh7 21. f4 h4 22. f5
hxg3 23. Qxg3 Qg5 24. fxe6 Rxe6 25. Qf3 Rf8 26. Bc1 Qh4 27. Qxd5 b4 28. g3 Qh5
29. Bd1 Qh3 30. Rf4 g5 31. Bg4 Qh6 32. Rf2 Ne7 33. Qxa5 f5 34. Be2 f4 35. Bxc4
fxg3 36. Bxe6+ Qxe6 37. Rxf8+ Nxf8 38. Qa8 gxh2+ 39. Kxh2 bxc3 40. Qg2 Qc4 41.
Bxg5 Neg6 42. Qe4 Qf7 43. Bf6 Qh7+ 44. Kg3 Qf7 45. Rb1 Qa7 46. Rb7 1-0

[Event "4NCL/Div3/SBS vs. FCA2"]
[Site "Wokefield Park ENG"]
[Date "2010.05.01"]
[Round "9.6"]
[White "Adebajo, Olufemi"]
[Black "McCullough, Simon L"]
[Result "0-1"]
[WhiteElo "1952"]
[BlackElo "1986"]
[PlyCount "102"]
[EventDate "2010.05.01"]
[SourceDate "2009.10.24"]

1. e4 c5 2. Nf3 g6 3. Nc3 Bg7 4. g3 Nc6 5. Bg2 d6 6. h3 Nf6 7. O-O O-O 8. d3
Rb8 9. a4 a6 10. Be3 e5 11. Qd2 Nd4 12. Nh2 b5 13. axb5 axb5 14. Bg5 Be6 15.
Ne2 Nxe2+ 16. Qxe2 Qd7 17. g4 Rfc8 18. c3 Ne8 19. Qd2 c4 20. d4 exd4 21. cxd4
f6 22. Be3 d5 23. Rfd1 b4 24. Bf4 Rb5 25. Rac1 dxe4 26. Bxe4 Bd5 27. Bxd5+ Qxd5
28. Nf1 f5 29. g5 Bf8 30. Qe2 Rb7 31. Be5 c3 32. bxc3 bxc3 33. Ne3 Qd8 34. Qa2+
Rf7 35. f4 Nd6 36. Nd5 Ne4 37. Re1 Bg7 38. Bf6 Bxf6 39. Rxe4 fxe4 40. Nxf6+ Kg7
41. d5 Qb6+ 42. Qf2 e3 43. Qe2 Qd4 44. d6 Qd2 45. Qe1 c2 46. Kf1 Rc4 47. d7
Rxf4+ 48. Kg1 Rd4 49. Ng4 Rxg4+ 50. hxg4 Rxd7 51. Qf1 Qxc1 0-1

[Event "4NCL/Div3/WES2 vs. SSC"]
[Site "Wokefield Park ENG"]
[Date "2010.05.01"]
[Round "9.1"]
[White "Pleasants, Allan J"]
[Black "Michaud, Gerald"]
[Result "1-0"]
[WhiteElo "2038"]
[BlackElo "2066"]
[PlyCount "93"]
[EventDate "2010.05.01"]
[SourceDate "2009.10.24"]

1. Nf3 Nf6 2. g3 g6 3. Bg2 Bg7 4. O-O O-O 5. c4 d6 6. d4 c6 7. Nc3 a6 8. e4 b5
9. e5 Nfd7 10. Qe2 bxc4 11. e6 Nb6 12. exf7+ Rxf7 13. Ng5 Rf8 14. Ne6 Bxe6 15.
Qxe6+ Kh8 16. d5 c5 17. Bg5 Ra7 18. Rae1 Bf6 19. Bh6 Rg8 20. Ne4 N8d7 21. Nxf6
Nxf6 22. Bd2 Qc8 23. Bc3 Qxe6 24. Rxe6 Rf8 25. Rfe1 Kg8 26. Rxe7 Rxe7 27. Rxe7
Rf7 28. Re6 Nbxd5 29. Rxd6 Nxc3 30. bxc3 Kg7 31. Rxa6 Rd7 32. Bf1 Rd1 33. Kg2
Ne4 34. Bxc4 Nxc3 35. Ra7+ Kh8 36. h4 Rd4 37. Be6 Rd6 38. Bb3 Rd2 39. Rc7 Ne4
40. Kf3 Nxf2 41. Rxc5 h5 42. Rc2 Rxc2 43. Bxc2 Ng4 44. a4 Kg7 45. a5 Ne5+ 46.
Kf4 Kf6 47. Be4 1-0

[Event "4NCL/Div3/WES2 vs. SSC"]
[Site "Wokefield Park ENG"]
[Date "2010.05.01"]
[Round "9.3"]
[White "Buchkremer, Felix"]
[Black "Payne, Matthew J"]
[Result "1-0"]
[WhiteElo "2088"]
[BlackElo "1871"]
[PlyCount "87"]
[EventDate "2010.05.01"]
[SourceDate "2009.10.24"]

1. e4 e6 2. d4 d5 3. Bd3 Nf6 4. e5 Nfd7 5. Nf3 c5 6. c3 Nc6 7. O-O Be7 8. Re1
O-O 9. a3 Qc7 10. Bg5 f6 11. Bh4 g5 12. exf6 gxh4 13. fxe7 Nxe7 14. Bxh7+ Kh8
15. Bc2 Nf6 16. Ne5 Bd7 17. Qd2 Be8 18. Qh6+ Kg8 19. Qg5+ Kh8 20. Qxh4+ Kg8 21.
Qg5+ Kh8 22. Qh6+ Kg8 23. Re3 Nf5 24. Bxf5 exf5 25. Rg3+ Ng4 26. Nxg4 Qxg3 27.
hxg3 fxg4 28. Nd2 cxd4 29. Qg5+ Kh7 30. Qh4+ Kg7 31. Qxg4+ Bg6 32. Qxd4+ Rf6
33. Nf3 Raf8 34. Re1 R8f7 35. Re6 Bf5 36. Rd6 Kg6 37. Nh4+ Kg5 38. f4+ Kg4 39.
Kf2 Kh5 40. Rxf6 Rg7 41. Rxf5+ Kh6 42. Rh5+ Kxh5 43. Qxg7 d4 44. Qg5# 1-0

[Event "4NCL/Div3/WES2 vs. SSC"]
[Site "Wokefield Park ENG"]
[Date "2010.05.01"]
[Round "9.4"]
[White "Woods, Timothy J"]
[Black "Gregory, Keith DF"]
[Result "0-1"]
[WhiteElo "1810"]
[BlackElo "2060"]
[PlyCount "60"]
[EventDate "2010.05.01"]
[SourceDate "2009.10.24"]

1. e4 d6 2. d4 g6 3. Nc3 Bg7 4. Be3 a6 5. a4 b6 6. Nf3 Bb7 7. Bd3 Nd7 8. O-O c5
9. d5 Qc7 10. Nd2 Ngf6 11. f4 O-O 12. Qe2 e6 13. dxe6 fxe6 14. Bf2 Nh5 15. Be3
Bd4 16. Kh1 Rae8 17. Nb3 Bxe3 18. Qxe3 c4 19. Be2 cxb3 20. Bxh5 gxh5 21. cxb3
Re7 22. Rac1 Rg7 23. Qh3 Nf6 24. Nd5 Qf7 25. Rc7 exd5 26. Rxf7 Rfxf7 27. Qe3 d4
28. Qxd4 Bxe4 29. Rf2 Ng4 30. Rd2 Rxf4 0-1